Witamy w Bibliotece Naukowej Instytutu Łączności!

LATEX : (Rekord nr 706)

000 -LEADER
fixed length control field 00442 a2200121 4500
020 ## - INTERNATIONAL STANDARD BOOK NUMBER
International Standard Book Number 0201529831
100 1# - MAIN ENTRY--PERSONAL NAME
Personal name Lamport, Leslie.
Relator term Autor
245 0# - TITLE STATEMENT
Title LATEX :
Remainder of title A Document Preparation System User's Guide and Reference Manual /
Statement of responsibility, etc Lamport Leslie.
250 ## - EDITION STATEMENT
Edition statement 2nd edition.
260 ## - PUBLICATION, DISTRIBUTION, ETC. (IMPRINT)
Place of publication, distribution, etc Reading, Massachusetts :
Name of publisher, distributor, etc Addison-Wesley,
Date of publication, distribution, etc 1994.
300 ## - PHYSICAL DESCRIPTION
Extent XVI, 272 s.:
Other physical details il.;
Dimensions 23 cm.
710 2# - ADDED ENTRY--CORPORATE NAME
Corporate name or jurisdiction name as entry element Addison-Wesley Publishing Company.
Relator term Wydawca
Relator code pbl
920 ## -
-- 0-201-52983-1
Egzemplarze
Withdrawn status Lost status Damaged status Not for loan Permanent Location Current Location Shelving location Date acquired Cost, normal purchase price Inventory number Total Checkouts Full call number Barcode Date last seen Date checked out Price effective from Koha item type
        Instytut Łączności Instytut Łączności Magazyn 1999-04-02 198.62 39225 1 39225 39225 2025-11-19 2018-04-19 2017-11-30 Książki

Działa dzięki Koha